La filosofía de Henri Bergson

Kaydedildi:
Detaylı Bibliyografya
Yazar: García Morente, Manuel
Materyal Türü: Kitap
Dil:Undetermined
Baskı/Yayın Bilgisi: Montevideo, Uruguay Claudio García [s.f.]
Konular:
Etiketler: Etiketle
Etiket eklenmemiş, İlk siz ekleyin!

MARC

LEADER 00000nam a2200000Ia 4500
008 170316s9999 xx 000 0 und d
090 |a 100 G-13f 
100 |a García Morente, Manuel 
245 |a La filosofía de Henri Bergson 
260 |a Montevideo, Uruguay 
260 |b Claudio García 
260 |c [s.f.] 
300 |a 136 páginas 
650 |a FILOSOFÍA 
999 |c 16255  |d 16255 
040 |a cru BVZT 
942 |c 15 D  |h 100 G-13f  |2 z